[Event "US Open-91"]
[Site "Jacksonville"]
[Date "1990.??.??"]
[Round "?"]
[White "Delgado, I."]
[Black "Baquero, Luis A"]
[Result "1/2-1/2"]
[WhiteElo "2300"]
[BlackElo "2355"]
[PlyCount "91"]
[EventDate "1990.08.05"]
[EventType "swiss"]
[EventRounds "12"]
[EventCountry "USA"]
[SourceTitle "EXT 1997"]
[Source "ChessBase"]
[SourceDate "1996.11.15"]
[SourceVersion "1"]
[SourceVersionDate "1996.11.15"]
[SourceQuality "1"]

1. d4 Nf6 2. c4 e6 3. Nc3 Bb4 4. Nf3 c5 5. g3 0-0 6. Bg2 cxd4 7. Nxd4 d5 8. Qb3 Nc6 9. Nxc6 Bxc3+ 10. Qxc3 bxc6 11. cxd5 cxd5 12. Be3 Re8 13. Rc1 Ba6 14. Qc7 d4 15. Bg5 Qxc7 16. Rxc7 Rec8 17. Rxc8+ Rxc8 18. Bxf6 gxf6 19. Kd2 f5 20. Rb1 Bb5 21. b3 Rc3 22. a4 Ba6 23. Bf3 Kf8 24. b4 Bc4 25. Rc1 Rxc1 26. Kxc1 Ke7 27. Kd2 e5 28. Bc6 e4 29. e3 Kd6 30. Ba8 d3 31. Kc3 Bd5 32. Bxd5 Kxd5 33. h3 h5 34. h4 f6 35. f3 exf3 36. Kxd3 f2 37. Ke2 Kc4 38. Kxf2 Kxb4 39. Kf3 Kxa4 40. Kf4 Kb4 41. Kxf5 a5 42. g4 a4 43. gxh5 a3 44. h6 a2 45. h7 a1Q 46. h8Q 1/2-1/2

[Event "US Open-91"]
[Site "Jacksonville"]
[Date "1990.??.??"]
[Round "?"]
[White "Delgado, I."]
[Black "Colias, Billy"]
[Result "0-1"]
[WhiteElo "2300"]
[BlackElo "2290"]
[PlyCount "64"]
[EventDate "1990.08.05"]
[EventType "swiss"]
[EventRounds "12"]
[EventCountry "USA"]
[SourceTitle "EXT 1997"]
[Source "ChessBase"]
[SourceDate "1996.11.15"]
[SourceVersion "1"]
[SourceVersionDate "1996.11.15"]
[SourceQuality "1"]

1. d4 Nf6 2. c4 g6 3. Nc3 d5 4. cxd5 Nxd5 5. e4 Nxc3 6. bxc3 Bg7 7. Bc4 c5 8. Ne2 0-0 9. 0-0 Nc6 10. Be3 Bg4 11. f3 cxd4 12. cxd4 Na5 13. Bd3 Be6 14. Qa4 a6 15. d5 b5 16. Qb4 Bxa1 17. Rxa1 Bd7 18. Qd4 f6 19. Bh6 Re8 20. e5 fxe5 21. Qxe5 Qb6+ 22. Be3 Qf6 23. Qc7 Qxa1+ 24. Kf2 Qf6 25. Qxd7 Nc4 26. Bxc4 bxc4 27. Qa4 Rac8 28. g3 Qe5 29. Qxa6 Qxd5 30. Nc3 Qe5 31. Qa3 Red8 32. Bf4 Qc5+ 0-1

[Event "US Open-91"]
[Site "Jacksonville"]
[Date "1990.??.??"]
[Round "?"]
[White "Denker, Arnold Sheldon"]
[Black "Delgado, I."]
[Result "1/2-1/2"]
[WhiteElo "2320"]
[BlackElo "2300"]
[PlyCount "73"]
[EventDate "1990.08.05"]
[EventType "swiss"]
[EventRounds "12"]
[EventCountry "USA"]
[SourceTitle "EXT 1997"]
[Source "ChessBase"]
[SourceDate "1996.11.15"]
[SourceVersion "1"]
[SourceVersionDate "1996.11.15"]
[SourceQuality "1"]

1. d4 Nf6 2. Nf3 g6 3. Nbd2 Bg7 4. e4 d6 5. Bc4 0-0 6. Qe2 d5 7. Bb3 dxe4 8. Nxe4 Nxe4 9. Qxe4 Nc6 10. Be3 Bf5 11. Qh4 e5 12. Bg5 Qd6 13. d5 Nd4 14. Be7 Qa6 15. Nxd4 exd4 16. 0-0-0 Rfe8 17. Rhe1 c5 18. dxc6 Qxc6 19. Rxd4 Bxd4 20. Qxd4 Rac8 21. c3 Rc7 22. Qh4 Be6 23. Bf6 Bxb3 24. Rxe8+ Qxe8 25. axb3 Rc6 26. Bd4 Re6 27. Be3 a6 28. Qd4 Re4 29. Qb6 Qc6 30. Qxc6 bxc6 31. Kd2 f5 32. g3 Kf7 33. b4 Ke7 34. Kd3 Kd6 35. Bf4+ Kd7 36. Be3 Kc7 37. h4 1/2-1/2